000 00685nam a2200181 a 4500
008 100121s1985 ||||||||||||||||| || u
020 _a9780750605663
050 _aNA 9031 Res
100 _aBentley, Ian
245 1 0 _aResponsive environments: a manual for designers.
_cby Ian Bentley....[et al.]
260 _aAmsterdam
_bElsevier
_c1985
300 _a151p.: ill.
350 _a0.00
650 0 _aCITY PLANNING
650 _aARCHITECTURAL DESIGN--EVALUATION
650 _aARCHITECTURE--ENVIRONMENTAL ASPECTS
995 _D0.00
_FCBU-MAIN LIBRARY (Kitwe)
_H1
_I0.00
_M1
_UAVAILABLE
_WApr 7, 2010
_ZMain Library Open Access Collection
999 _c56393
_d56393